Majesty and mystery / (Record no. 9956)
[ view plain ]
| 000 -LEADER | |
|---|---|
| fixed length control field | 01382nam a22002417a 4500 |
| 001 - CONTROL NUMBER | |
| control field | 9956 |
| 003 - CONTROL NUMBER IDENTIFIER | |
| control field | FISKH |
| 005 - DATE AND TIME OF LATEST TRANSACTION | |
| control field | 20260319123430.0 |
| 008 - FIXED-LENGTH DATA ELEMENTS--GENERAL INFORMATION | |
| fixed length control field | 260319b cb ||||| |||| 00| 0 eng d |
| 040 ## - CATALOGING SOURCE | |
| Original cataloging agency | FISKH |
| Language of cataloging | eng |
| Transcribing agency | FISKH |
| Modifying agency | FISKH |
| 082 ## - DEWEY DECIMAL CLASSIFICATION NUMBER | |
| Classification number | 428 |
| 100 ## - MAIN ENTRY--PERSONAL NAME | |
| Personal name | Ruddell , Robert B. |
| 245 ## - TITLE STATEMENT | |
| Title | Majesty and mystery / |
| Statement of responsibility, etc. | By Robert B. Ruddell , Virginia M. Reid and Dianne L. Monson |
| 260 ## - PUBLICATION, DISTRIBUTION, ETC. | |
| Place of publication, distribution, etc. | Boston : |
| Name of publisher, distributor, etc. | Allyn and Bacon , Inc , |
| Date of publication, distribution, etc. | 1978 . |
| 300 ## - PHYSICAL DESCRIPTION | |
| Extent | 310 pages : |
| Other physical details | color illustrations ; |
| Dimensions | 23 cm . |
| 505 ## - FORMATTED CONTENTS NOTE | |
| Formatted contents note | S <br/> |
| 520 ## - SUMMARY, ETC. | |
| Summary, etc. | Majesty & Mystery is a children’s educational reader designed for elementary or middle school students as part of an Allyn & Bacon reading program. The book contains a collection of short passages and stories—both narrative and informational—centered on themes that evoke wonder, curiosity, and natural or human-made “mysteries.” Each passage is crafted to develop reading comprehension, vocabulary, and literacy skills, often accompanied by discussion prompts or questions for classroom use. While the text may include descriptive or narrative elements, the primary focus is educational rather than fictional storytelling, making it a resource for guided reading programs. |
| 521 8# - TARGET AUDIENCE NOTE | |
| Target audience note | 800 <br/> |
| Source | Lexile estimate <br/> |
| 521 8# - TARGET AUDIENCE NOTE | |
| Target audience note | S <br/> |
| Source | Raz-Plus <br/> |
| 700 ## - ADDED ENTRY--PERSONAL NAME | |
| Personal name | Weller, Don |
| Relator term | Illustrator |
| 942 ## - ADDED ENTRY ELEMENTS (KOHA) | |
| Source of classification or shelving scheme | Dewey Decimal Classification |
| Koha item type | Books |
| Suppress in OPAC | No |
No items available.
